[Event "4NCL Division 2a"]
[Site "De Vere, Staverton Park ENG"]
[Date "2013.01.12"]
[Round "3.48"]
[White "Thorpe, Thomas G"]
[Black "Gregory, Stephen J"]
[Result "0-1"]
[WhiteElo "1848"]
[BlackElo "2086"]
[PlyCount "84"]
[EventDate "2013.01.12"]
[WhiteTeam "Rhyfelwyr Essyllwg 1"]
[BlackTeam "Anglian Avengers 1"]

1. e4 d6 2. d4 Nf6 3. Nc3 g6 4. f4 Bg7 5. Nf3 c5 6. dxc5 Qa5 7. Bd3 Qxc5 8. Qe2
O-O 9. Be3 Qc7 10. O-O Nc6 11. Rad1 a6 12. h3 b5 13. Qf2 Nb4 14. e5 Nxd3 15.
Rxd3 Ne8 16. Nd5 Qb7 17. exd6 exd6 18. Bd4 Bf5 19. Rd2 f6 20. Bc3 Be4 21. Ne3
b4 22. Bd4 Nc7 23. Nc4 Nb5 24. Be3 Qc7 25. Nb6 Rab8 26. Nd5 Bxd5 27. Rxd5 Qc4
28. Qd2 Qxa2 29. b3 Rfe8 30. Nd4 Nc3 31. Nc6 Nxd5 32. Qxd5+ Kh8 33. Nxb8 Rxe3
34. Qxd6 h6 35. Qd2 Rc3 36. Qd8+ Kh7 37. Rc1 Rxc2 38. Rxc2 Qxc2 39. Nxa6 Qc1+
40. Kh2 Qxf4+ 41. Kh1 Qf1+ 42. Kh2 Qxa6 0-1

[Event "4NCL Division 2b"]
[Site "De Vere, Staverton Park ENG"]
[Date "2013.01.12"]
[Round "3.51"]
[White "Richardson, John R"]
[Black "Sanders, Isaac B"]
[Result "1/2-1/2"]
[WhiteElo "2320"]
[BlackElo "2113"]
[PlyCount "63"]
[EventDate "2013.01.12"]
[WhiteTeam "The AD's"]
[BlackTeam "Barbican Youth"]

1. d4 d5 2. c4 c6 3. Nf3 Nf6 4. Nc3 e6 5. e3 Nbd7 6. Qc2 Bd6 7. Bd3 O-O 8. O-O
Re8 9. e4 dxe4 10. Nxe4 Nxe4 11. Bxe4 h6 12. Bd2 e5 13. Bc3 exd4 14. Bh7+ Kh8
15. Nxd4 Nf6 16. Bf5 Bxf5 17. Nxf5 Be5 18. Bxe5 Rxe5 19. Rad1 Qc7 20. Nd6 b6
21. b4 Kg8 22. Qc3 Re6 23. c5 Ne4 24. Nxe4 Rxe4 25. Rd6 Rae8 26. Rfd1 Qe7 27.
g3 Re2 28. cxb6 axb6 29. a4 Qe4 30. a5 bxa5 31. bxa5 Ra2 32. Qxc6 1/2-1/2

[Event "4NCL Division 2b"]
[Site "De Vere, Staverton Park ENG"]
[Date "2013.01.12"]
[Round "3.252"]
[White "Poobalasingam, Peter S"]
[Black "Snape, Ian L"]
[Result "0-1"]
[WhiteElo "2211"]
[BlackElo "2263"]
[PlyCount "114"]
[EventDate "2013.01.12"]
[WhiteTeam "Barbican Youth"]
[BlackTeam "The AD's"]

1. d4 c5 2. d5 g6 3. e4 d6 4. Nf3 Bg7 5. Be2 Nf6 6. Nc3 Na6 7. h3 Nc7 8. a4 O-O
9. Bf4 a6 10. Bh2 Re8 11. O-O Bf8 12. Qd2 b6 13. Rfb1 e6 14. dxe6 Nxe6 15. Bc4
Bb7 16. Re1 Qe7 17. Bd5 Rad8 18. Rad1 Bxd5 19. exd5 Ng7 20. Qf4 Ngh5 21. Qc4
Qb7 22. g4 Ng7 23. Qf4 Rxe1+ 24. Rxe1 Nge8 25. Bg3 Nxd5 26. Nxd5 Qxd5 27. c4
Qb7 28. Bh4 Rc8 29. Nd2 Ng7 30. Ne4 Ne6 31. Qf3 Kh8 32. Bf6+ Bg7 33. Qc3 Qc6
34. Bxg7+ Nxg7 35. Nf6 Qxa4 36. Re7 Qd1+ 37. Kg2 Qd4 38. Qxd4 cxd4 39. Rxf7 b5
40. cxb5 axb5 41. Kf3 h5 42. Ke4 d5+ 43. Kxd4 Ne6+ 44. Ke5 Ng5 45. Rb7 Rc6 46.
Nxd5 Re6+ 47. Kd4 Nxh3 48. gxh5 gxh5 49. f4 h4 50. Rc7 Ng1 51. f5 Nf3+ 52. Kc5
Re2 53. Kb6 h3 54. Nf4 h2 55. f6 Ne5 56. f7 Nxf7 57. Rc1 Rxb2 0-1

[Event "4NCL Division 2b"]
[Site "De Vere, Staverton Park ENG"]
[Date "2013.01.12"]
[Round "3.53"]
[White "Swindells, Jonathan E"]
[Black "Berry, Neil"]
[Result "1/2-1/2"]
[WhiteElo "2167"]
[BlackElo "2255"]
[PlyCount "100"]
[EventDate "2013.01.12"]
[WhiteTeam "The AD's"]
[BlackTeam "Barbican Youth"]

1. e4 e6 2. d3 d5 3. Nd2 Nf6 4. Ngf3 Nc6 5. c3 Bd6 6. Qc2 e5 7. Be2 O-O 8. O-O
a5 9. a4 b6 10. Re1 Bb7 11. Nf1 Ne7 12. Ng3 Ng6 13. Bf1 h6 14. Bd2 Qd7 15. Rad1
Rfe8 16. c4 dxe4 17. dxe4 Bc6 18. b3 Qc8 19. Bd3 Bc5 20. Nf5 Ng4 21. Re2 Ne7
22. Nxe7+ Rxe7 23. h3 Nf6 24. Bc3 Qe8 25. Qb2 Nd7 26. Nh4 Nf8 27. Nf5 Re6 28.
Kh2 Ng6 29. g3 f6 30. Qc1 Ne7 31. Ne3 Rd6 32. Nd5 Rc8 33. Bd2 Bd7 34. Nxe7+
Qxe7 35. Be3 Bxe3 36. Rxe3 c5 37. Be2 Rd4 38. f3 Be6 39. Red3 Rcd8 40. Qe3 Rxd3
41. Rxd3 Rd4 42. g4 Qd6 43. Kg2 Kf7 44. Bf1 Rxd3 45. Qxd3 Qd4 46. Qxd4 cxd4 47.
Kf2 Ke7 48. Ke1 Kd6 49. Kd2 Kc5 50. Be2 g5 1/2-1/2

[Event "4NCL Division 2b"]
[Site "De Vere, Staverton Park ENG"]
[Date "2013.01.12"]
[Round "3.54"]
[White "Moss, Guy"]
[Black "Anderton, David W"]
[Result "0-1"]
[WhiteElo "1963"]
[BlackElo "2217"]
[PlyCount "108"]
[EventDate "2013.01.12"]
[WhiteTeam "Barbican Youth"]
[BlackTeam "The AD's"]

1. e4 e6 2. d4 d5 3. e5 c5 4. c3 Nc6 5. Nf3 Qb6 6. a3 Nh6 7. Bd3 cxd4 8. cxd4
Bd7 9. Bc2 g6 10. Nc3 Nf5 11. Bxf5 gxf5 12. O-O Rg8 13. b4 Be7 14. Bf4 Rc8 15.
Rc1 Rg4 16. Qd2 a5 17. h3 Rg6 18. Na4 Qb5 19. Nc5 axb4 20. axb4 b6 21. Nb7 Qxb4
22. Qxb4 Bxb4 23. Nd6+ Bxd6 24. exd6 f6 25. Rb1 Rb8 26. Rfc1 Rb7 27. Rb3 b5 28.
Rcb1 Nd8 29. Rc1 Bc6 30. Bd2 Ra7 31. Bb4 Rgg7 32. Ne1 Rgd7 33. Nd3 Kf7 34. Bc5
Ra4 35. Nb4 Ba8 36. Bb6 Rxd6 37. Bxd8 Rxd8 38. Rc7+ Kg6 39. g3 e5 40. dxe5 fxe5
41. Nd3 Ra1+ 42. Kg2 d4+ 43. f3 Rd5 44. Nb4 Rd6 45. Nd3 Bxf3+ 46. Kf2 e4 47.
Ne5+ Kf6 48. Rxb5 Ra2+ 49. Ke1 d3 50. Nd7+ Kg5 51. h4+ Kg4 52. Ne5+ Kh3 53.
Nxf3 exf3 54. Rb1 Kg2 0-1

[Event "4NCL Division 2b"]
[Site "De Vere, Staverton Park ENG"]
[Date "2013.01.12"]
[Round "3.255"]
[White "Bellin, Jana M"]
[Black "Stewart, Ashley"]
[Result "1/2-1/2"]
[WhiteElo "2128"]
[BlackElo "2040"]
[PlyCount "166"]
[EventDate "2013.01.12"]
[WhiteTeam "The AD's"]
[BlackTeam "Barbican Youth"]

1. d4 Nf6 2. Nf3 g6 3. c4 Bg7 4. Nc3 d5 5. Bg5 Ne4 6. cxd5 Nxg5 7. Nxg5 e6 8.
Nf3 exd5 9. e3 a5 10. Be2 O-O 11. Rc1 c6 12. O-O Re8 13. Na4 Nd7 14. h3 Bf8 15.
Re1 Bd6 16. a3 f5 17. Nc5 Nxc5 18. dxc5 Bc7 19. Bd3 Qf6 20. b4 axb4 21. axb4
Bd7 22. Qb3 g5 23. e4 fxe4 24. Bxe4 Kg7 25. Bb1 h5 26. Rxe8 Rxe8 27. Qd3 Rh8
28. Re1 g4 29. Qd4 Qxd4 30. Nxd4 Kf6 31. hxg4 hxg4 32. Bd3 Bh2+ 33. Kf1 Be5 34.
Nc2 Ra8 35. Ke2 Rh8 36. Ne3 Kg5 37. Rb1 Ra8 38. b5 Ra2+ 39. Kf1 Bd4 40. bxc6
Bxc6 41. Rb4 Bxe3 42. fxe3 g3 43. Rf4 Rd2 44. Rf5+ Kg6 45. Rxd5+ Kg7 46. Rg5+
Kf6 47. Rg6+ Kf7 48. Rd6 Rf2+ 49. Ke1 Rxg2 50. e4 Rh2 51. Kf1 Kg7 52. Kg1 Rd2
53. Bc4 Rc2 54. Bd5 Rxc5 55. Kg2 Rc3 56. Bxc6 bxc6 57. e5 Kf7 58. Rh6 Ke7 59.
Rf6 c5 60. Rc6 Rc4 61. Rg6 Re4 62. Kxg3 Rxe5 63. Kf4 Rd5 64. Ke4 Rd4+ 65. Ke3
Kd7 66. Rh6 Kc7 67. Rg6 Kb7 68. Rh6 Rd1 69. Ke2 Rd7 70. Ke3 c4 71. Rh4 Rc7 72.
Kd2 Kb6 73. Kc3 Kb5 74. Rh5+ Rc5 75. Rxc5+ Kxc5 76. Kc2 Kd4 77. Kd2 c3+ 78. Kc2
Kc4 79. Kc1 Kb4 80. Kc2 Kc4 81. Kc1 Kb3 82. Kb1 c2+ 83. Kc1 Kc3 1/2-1/2

[Event "4NCL Division 2b"]
[Site "De Vere, Staverton Park ENG"]
[Date "2013.01.12"]
[Round "3"]
[White "Farrand, Julian T"]
[Black "Besedin, Pavel"]
[Result "1/2-1/2"]
[WhiteElo "2081"]
[BlackElo "2081"]
[PlyCount "103"]
[EventDate "2013.01.12"]
[WhiteTeam "Barbican Youth"]
[BlackTeam "The AD's"]

1. d4 g6 2. e4 Bg7 3. Nc3 d6 4. Bg5 c6 5. Qd2 Nd7 6. f4 b5 7. a3 Qc7 8. Nf3 Nb6
9. Rd1 Nc4 10. Bxc4 bxc4 11. Qe2 Rb8 12. Qxc4 Rxb2 13. O-O Nf6 14. Bxf6 exf6
15. Nd5 Qb7 16. Nb4 a5 17. Qc3 Rxb4 18. axb4 axb4 19. Qc4 O-O 20. Rb1 d5 21.
exd5 cxd5 22. Qxb4 Qc7 23. Qd2 Bh6 24. g3 Bf5 25. Rb5 Qd7 26. Rc5 Bh3 27. Re1
Rb8 28. Qa5 Bxf4 29. Rxd5 Qg4 30. Kf2 Kg7 31. Rg1 Rc8 32. Rc5 Bd6 33. Rxc8 Qxc8
34. Qd2 Bf5 35. c3 Be4 36. Qe3 Qf5 37. g4 Qd5 38. c4 Qb7 39. h3 Bxf3 40. Qxf3
Qb2+ 41. Kf1 Qxd4 42. Qd5 Qa1+ 43. Kf2 Qb2+ 44. Kf1 Qc1+ 45. Kg2 Qc2+ 46. Kf1
Be5 47. Rg2 Qb3 48. h4 Qe3 49. c5 Qc1+ 50. Ke2 Qc2+ 51. Kf1 Qc1+ 52. Ke2
1/2-1/2

[Event "4NCL Division 2b"]
[Site "De Vere, Staverton Park ENG"]
[Date "2013.01.12"]
[Round "3.57"]
[White "Pritchard, David J"]
[Black "Ayvazyan, Nikita"]
[Result "0-1"]
[WhiteElo "1955"]
[BlackElo "1940"]
[PlyCount "62"]
[EventDate "2013.01.12"]
[WhiteTeam "The AD's"]
[BlackTeam "Barbican Youth"]

1. e4 d5 2. exd5 Nf6 3. d4 Bg4 4. f3 Bf5 5. Bb5+ Nbd7 6. Bxd7+ Qxd7 7. c4 e6 8.
dxe6 Qxe6+ 9. Qe2 O-O-O 10. Qxe6+ Bxe6 11. d5 Bf5 12. Be3 Bb4+ 13. Kf2 Nd7 14.
Ne2 Ne5 15. b3 Nd3+ 16. Kf1 Rhe8 17. Bd2 Bc5 18. Nbc3 Nf2 19. Na4 Rxe2 20. Bg5
Rde8 21. Nxc5 Nxh1 22. Bh4 Rb2 23. Kg1 Rb1+ 24. Rxb1 Bxb1 25. Kxh1 Bxa2 26. Kg1
b6 27. Ne4 Bxb3 28. d6 f5 29. Nd2 Bd1 30. dxc7 Kxc7 31. g4 fxg4 0-1

[Event "4NCL Division 2b"]
[Site "De Vere, Staverton Park ENG"]
[Date "2013.01.12"]
[Round "3.58"]
[White "Morrison, Lynne GP"]
[Black "Bellin, Christopher J"]
[Result "1/2-1/2"]
[WhiteElo "1905"]
[BlackElo "1928"]
[PlyCount "42"]
[EventDate "2013.01.12"]
[WhiteTeam "Barbican Youth"]
[BlackTeam "The AD's"]

1. d4 d5 2. Nf3 Nf6 3. e3 e6 4. Bd3 c5 5. c3 Nc6 6. Nbd2 Be7 7. O-O O-O 8. Re1
b6 9. dxc5 Bxc5 10. e4 Ng4 11. Rf1 Nce5 12. Nxe5 Nxe5 13. Nf3 Nxd3 14. Qxd3
dxe4 15. Qxe4 Ba6 16. Re1 Bd3 17. Qg4 Bf5 18. Qa4 f6 19. Nh4 Qd3 20. Nxf5 Qxf5
21. Be3 Bxe3 1/2-1/2

[Event "4NCL Division 2b"]
[Site "De Vere, Staverton Park ENG"]
[Date "2013.01.12"]
[Round "3.61"]
[White "Jones, William EG"]
[Black "Adams, David M"]
[Result "0-1"]
[WhiteElo "2094"]
[BlackElo "2216"]
[PlyCount "96"]
[EventDate "2013.01.12"]
[WhiteTeam "KJCA Kings"]
[BlackTeam "White Rose 2"]

1. e4 d6 2. d4 Nf6 3. Nc3 Nbd7 4. Nf3 e5 5. Bc4 Be7 6. O-O O-O 7. Re1 c6 8. a4
exd4 9. Nxd4 Ne5 10. Ba2 Re8 11. h3 Bf8 12. Bf4 Qa5 13. Qd2 Qb4 14. Bg5 Nfd7
15. Nf5 Nb6 16. Ne3 Be6 17. Bxe6 Rxe6 18. b3 Rg6 19. f4 h6 20. fxe5 Rxg5 21. a5
Nd7 22. exd6 Bxd6 23. Rad1 Ne5 24. Qxd6 Qxc3 25. Kh1 Re8 26. a6 bxa6 27. Qd4
Qa5 28. Qxa7 Kh7 29. Qd4 Qc7 30. Rf1 Re6 31. Qd8 Qb7 32. Nf5 Qb4 33. Qd4 Qb5
34. Nd6 Qe2 35. Rf2 Qh5 36. Nf5 Reg6 37. Qd2 Rxg2 38. Rxg2 Qxh3+ 39. Rh2 Qf3+
40. Rg2 Rxg2 41. Qxg2 Qxd1+ 42. Kh2 g6 43. Ne3 Qe1 44. Qg3 Qxe3 45. Qxe5 Qf2+
46. Kh1 Qh4+ 47. Kg2 Qg5+ 48. Qxg5 hxg5 0-1

[Event "4NCL Division 2b"]
[Site "De Vere, Staverton Park ENG"]
[Date "2013.01.12"]
[Round "3.62"]
[White "Gayson, Peter M"]
[Black "Foord, Dominic"]
[Result "1-0"]
[WhiteElo "2215"]
[BlackElo "2099"]
[PlyCount "97"]
[EventDate "2013.01.12"]
[WhiteTeam "White Rose 2"]
[BlackTeam "KJCA Kings"]

1. e4 e5 2. Nf3 Nc6 3. Bb5 a6 4. Ba4 d6 5. d4 b5 6. Bb3 Nxd4 7. Nxd4 exd4 8.
Bd5 Rb8 9. Qxd4 Bd7 10. Qe3 Nf6 11. Nc3 Nxd5 12. Nxd5 c6 13. Nf4 Be7 14. Qg3
O-O 15. Nh5 g6 16. Bh6 Qa5+ 17. c3 Rfe8 18. O-O b4 19. Ng7 Red8 20. Nf5 Bxf5
21. cxb4 Qxb4 22. exf5 Qxb2 23. Qd3 Qb5 24. Qc3 Bf8 25. Bxf8 Rxf8 26. fxg6 hxg6
27. a4 Qb6 28. Rad1 Rbd8 29. Rd3 f6 30. Rg3 Kg7 31. Qd3 f5 32. Qc3+ Rf6 33. Re1
Qc7 34. h4 d5 35. h5 d4 36. Qc4 Qd6 37. Rxg6+ Rxg6 38. hxg6 Qd5 39. Qd3 Rf8 40.
Re7+ Kf6 41. Rc7 Re8 42. Qg3 d3 43. g7 d2 44. Qc3+ Ke6 45. g8=Q+ Rxg8 46. Qe3+
Qe4 47. Qh6+ Ke5 48. Re7+ Kd5 49. Qxd2+ 1-0

[Event "4NCL Division 2b"]
[Site "De Vere, Staverton Park ENG"]
[Date "2013.01.12"]
[Round "3.63"]
[White "Sathyanandha, Saravanan"]
[Black "Burnett, Jim"]
[Result "1-0"]
[WhiteElo "2073"]
[BlackElo "2172"]
[PlyCount "81"]
[EventDate "2013.01.12"]
[WhiteTeam "KJCA Kings"]
[BlackTeam "White Rose 2"]

1. e4 e6 2. d3 d5 3. Qe2 Nf6 4. Nf3 Be7 5. g3 O-O 6. Bg2 c5 7. O-O Nc6 8. e5
Nd7 9. c4 dxc4 10. dxc4 Qc7 11. Bf4 b6 12. Nc3 Bb7 13. Nb5 Qb8 14. Rad1 Rd8 15.
Nd6 Bxd6 16. Rxd6 Nf8 17. Rfd1 Qc7 18. h4 Rxd6 19. exd6 Qd7 20. Ne5 Nxe5 21.
Bxe5 Bxg2 22. Kxg2 Qc6+ 23. Qf3 Qxf3+ 24. Kxf3 f6 25. Bc3 Kf7 26. Ke4 Ke8 27.
g4 Rd8 28. g5 Kf7 29. f4 h6 30. h5 Nd7 31. g6+ Ke8 32. f5 e5 33. Kd5 Rc8 34.
Re1 Kd8 35. Bd2 Ke8 36. Rg1 Kf8 37. Ke6 Rd8 38. Bxh6 gxh6 39. g7+ Kg8 40. Ke7
Ra8 41. Kxd7 1-0

[Event "4NCL Division 2b"]
[Site "De Vere, Staverton Park ENG"]
[Date "2013.01.12"]
[Round "3.64"]
[White "Shaw, Peter"]
[Black "Ball, Laurence"]
[Result "1-0"]
[WhiteElo "2151"]
[BlackElo "2081"]
[PlyCount "67"]
[EventDate "2013.01.12"]
[WhiteTeam "White Rose 2"]
[BlackTeam "KJCA Kings"]

1. d4 f5 2. g3 Nf6 3. Bg2 d6 4. Nf3 g6 5. O-O Bg7 6. b4 O-O 7. Bb2 Ne4 8. Nbd2
Nc6 9. b5 Na5 10. c4 c6 11. e3 cxb5 12. cxb5 Nxd2 13. Nxd2 Rb8 14. Qa4 a6 15.
Bc3 b6 16. bxa6 Bxa6 17. Rfc1 Bb7 18. Bxb7 Rxb7 19. Rab1 Qb8 20. Bxa5 bxa5 21.
Qxa5 Rb2 22. Qa3 Rxb1 23. Rxb1 Qc7 24. Rc1 Qd7 25. Qb3+ Kh8 26. a4 e5 27. Qb5
Qa7 28. dxe5 dxe5 29. a5 f4 30. exf4 exf4 31. Qc5 Qd7 32. Nf1 fxg3 33. hxg3 Bd4
34. Qxf8# 1-0

[Event "4NCL Division 2b"]
[Site "De Vere, Staverton Park ENG"]
[Date "2013.01.12"]
[Round "3.65"]
[White "Ganesan, Arasu"]
[Black "Arnott, Jonathan W"]
[Result "1/2-1/2"]
[WhiteElo "2088"]
[BlackElo "2188"]
[PlyCount "46"]
[EventDate "2013.01.12"]
[WhiteTeam "KJCA Kings"]
[BlackTeam "White Rose 2"]

1. d4 d5 2. c4 c6 3. Nf3 Nf6 4. Nc3 a6 5. cxd5 cxd5 6. Bf4 Nc6 7. Rc1 e6 8. e3
Bd6 9. Bxd6 Qxd6 10. Bd3 O-O 11. O-O e5 12. dxe5 Nxe5 13. Nxe5 Qxe5 14. Be2 Bd7
15. Bf3 Bc6 16. Qd4 Qxd4 17. exd4 Rac8 18. Rfe1 Rfe8 19. Re5 Rcd8 20. Rce1 Rxe5
21. Rxe5 Kf8 22. Kf1 Re8 23. Rxe8+ Kxe8 1/2-1/2

[Event "4NCL Division 2b"]
[Site "De Vere, Staverton Park ENG"]
[Date "2013.01.12"]
[Round "3.66"]
[White "O'Driscoll, Kieran"]
[Black "Maguire, Robert"]
[Result "1-0"]
[WhiteElo "2120"]
[BlackElo "1956"]
[PlyCount "91"]
[EventDate "2013.01.12"]
[WhiteTeam "White Rose 2"]
[BlackTeam "KJCA Kings"]

1. d4 Nf6 2. c4 g6 3. Nc3 Bg7 4. e4 d6 5. Nf3 O-O 6. Be2 e5 7. O-O Nc6 8. d5
Ne7 9. b4 Nh5 10. Re1 f5 11. Ng5 Nf6 12. f3 c6 13. Rb1 h6 14. Ne6 Bxe6 15. dxe6
f4 16. Ba3 Qc7 17. Qb3 Rfd8 18. Red1 Kh7 19. Rd2 Qc8 20. b5 Qxe6 21. Rbd1 Ne8
22. c5 Qxb3 23. axb3 Rd7 24. Bc4 d5 25. exd5 Nxd5 26. bxc6 bxc6 27. Nxd5 Rad8
28. Kf1 Bf8 29. Ke2 cxd5 30. c6 Bxa3 31. cxd7 Rxd7 32. Rxd5 Re7 33. Rd7 Nf6 34.
Rxe7+ Bxe7 35. Be6 Bc5 36. Rc1 Bb6 37. Rc6 Kg7 38. Bc4 Nh5 39. Re6 Bd4 40. Bd3
Nf6 41. Re7+ Kf8 42. Rb7 g5 43. Bc4 e4 44. fxe4 Nxe4 45. Rb8+ Ke7 46. Kd3 1-0

[Event "4NCL Division 2b"]
[Site "De Vere, Staverton Park ENG"]
[Date "2013.01.12"]
[Round "3.67"]
[White "Jones, Laurence AG"]
[Black "Weller, Pierre"]
[Result "0-1"]
[WhiteElo "1749"]
[BlackElo "2124"]
[PlyCount "122"]
[EventDate "2013.01.12"]
[WhiteTeam "KJCA Kings"]
[BlackTeam "White Rose 2"]

1. e4 e6 2. d4 d5 3. Nd2 Be7 4. Bd3 c5 5. dxc5 Bxc5 6. Ngf3 Nf6 7. exd5 exd5 8.
O-O O-O 9. Nb3 Be7 10. h3 Nc6 11. c3 Be6 12. Qc2 Qd6 13. Bg5 h6 14. Bh4 Nh5 15.
Bxe7 Qxe7 16. Rae1 Qf6 17. Nbd4 Nf4 18. Nxe6 fxe6 19. Re3 e5 20. Nh2 a6 21.
Rfe1 Rae8 22. Ng4 Qd6 23. Bf1 Rf7 24. g3 Ng6 25. Bg2 h5 26. Nh2 Ref8 27. R3e2
h4 28. Bxd5 Qxd5 29. Qxg6 Rf6 30. Qg5 hxg3 31. Qxg3 Qd8 32. f3 Rf4 33. Re4 Qb6+
34. Qf2 Qa5 35. Rxf4 exf4 36. b4 Qb5 37. Qe2 Qg5+ 38. Qg2 Qf6 39. Qc2 Qg5+ 40.
Qg2 Qf6 41. Qc2 Qh4 42. Qe2 Qg3+ 43. Kh1 Qxh3 44. Qe6+ Qxe6 45. Rxe6 Kf7 46.
Rd6 Ke7 47. Rd2 Ne5 48. Kg2 Rc8 49. Rc2 Kf6 50. Ng4+ Nxg4 51. fxg4 Kg5 52. Kf3
Re8 53. a4 Re3+ 54. Kf2 Kxg4 55. c4 Rh3 56. Rc1 Rh2+ 57. Kg1 Ra2 58. b5 Rxa4
59. b6 Kg3 60. c5 Rb4 61. Rc3+ f3 0-1

[Event "4NCL Division 2b"]
[Site "De Vere, Staverton Park ENG"]
[Date "2013.01.12"]
[Round "3.68"]
[White "Lewyk, Ihor"]
[Black "Rao, Raunak"]
[Result "1-0"]
[WhiteElo "2067"]
[BlackElo "1745"]
[PlyCount "139"]
[EventDate "2013.01.12"]
[WhiteTeam "White Rose 2"]
[BlackTeam "KJCA Kings"]

1. Nf3 d5 2. d4 Nf6 3. e3 e6 4. Bd3 c5 5. c3 Nc6 6. O-O Bd6 7. Nbd2 O-O 8. Re1
b6 9. e4 dxe4 10. Nxe4 Bb7 11. Nxf6+ gxf6 12. Nh4 f5 13. Qh5 Ne7 14. Bh6 Ng6
15. Bxf8 Bxf8 16. Nxg6 hxg6 17. Qe2 Qd5 18. f3 cxd4 19. Bc4 Qc5 20. b4 d3+ 21.
bxc5 dxe2 22. Bxe2 Bxc5+ 23. Kf1 Bc6 24. a4 a6 25. Red1 Kf8 26. c4 a5 27. f4
Ke7 28. Bf3 Bxf3 29. gxf3 Rh8 30. Kg2 Be3 31. Kg3 Bc5 32. Rd3 Rd8 33. Rad1 Rxd3
34. Rxd3 Bd6 35. Rb3 Bc5 36. h4 Bb4 37. Rb1 Bc5 38. h5 gxh5 39. Rh1 Bd4 40.
Rxh5 Kf8 41. Rh1 Ke7 42. Rd1 Bc5 43. Kh4 Be3 44. Rb1 Bc5 45. Kg5 Be3 46. Rb3
Bd4 47. Kh6 Kd6 48. Rb5 Ke7 49. Kh7 Kf8 50. Rb3 Ke7 51. Kg8 f6 52. Kg7 e5 53.
Kg6 Ke6 54. Rd3 Bc5 55. Rd8 e4 56. fxe4 fxe4 57. Re8+ Be7 58. f5+ Kd6 59. Kf7
Ke5 60. Rxe7+ Kxf5 61. Re6 Kf4 62. Rxf6+ Ke3 63. Rxb6 Kd4 64. Re6 e3 65. Rxe3
Kxe3 66. c5 Kd4 67. c6 Kc4 68. c7 Kb4 69. c8=Q Kxa4 70. Qc3 1-0

[Event "4NCL Division 2b"]
[Site "De Vere, Staverton Park ENG"]
[Date "2013.01.12"]
[Round "3.71"]
[White "Snuverink, Jochem"]
[Black "Dargan, Paul AG"]
[Result "1-0"]
[WhiteElo "2346"]
[BlackElo "2150"]
[PlyCount "79"]
[EventDate "2013.01.12"]
[WhiteTeam "Kings Head"]
[BlackTeam "North East England"]

1. e4 c5 2. Nf3 Nc6 3. d4 cxd4 4. Nxd4 Nf6 5. Nc3 e5 6. Ndb5 d6 7. Bg5 a6 8.
Na3 b5 9. Nd5 Be7 10. Bxf6 Bxf6 11. c4 Ne7 12. Nxf6+ gxf6 13. cxb5 O-O 14. Bd3
d5 15. O-O f5 16. exd5 axb5 17. Nxb5 Nxd5 18. Qf3 e4 19. Qg3+ Kh8 20. Bc4 f4
21. Qb3 Nb6 22. Rfd1 Qg5 23. Nd6 Nxc4 24. Qxc4 Bg4 25. Qxe4 Bxd1 26. Nxf7+ Rxf7
27. Qxa8+ Kg7 28. Rxd1 f3 29. g3 Qf5 30. Qd5 Qxd5 31. Rxd5 Rc7 32. Rd1 Rc2 33.
Rb1 Kf6 34. a4 Ke6 35. a5 Kd6 36. a6 Kc7 37. b4 Kb6 38. b5 Ra2 39. h3 h5 40.
Rb3 1-0

[Event "4NCL Division 2b"]
[Site "De Vere, Staverton Park ENG"]
[Date "2013.01.12"]
[Round "3.72"]
[White "Coathup, Roger H"]
[Black "Whiteley, Andrew J"]
[Result "1/2-1/2"]
[WhiteElo "2123"]
[BlackElo "2251"]
[PlyCount "91"]
[EventDate "2013.01.12"]
[WhiteTeam "North East England"]
[BlackTeam "Kings Head"]

1. c4 Nf6 2. Nc3 g6 3. d4 Bg7 4. e4 d6 5. Be2 O-O 6. Bg5 h6 7. Be3 e5 8. d5 Kh7
9. h4 Nbd7 10. h5 Nxh5 11. Bxh5 gxh5 12. Qxh5 Nf6 13. Qh4 Ng4 14. Qxd8 Rxd8 15.
Bg5 f6 16. Bd2 f5 17. Nge2 fxe4 18. Nxe4 Rf8 19. N2g3 Nf6 20. Nxf6+ Rxf6 21.
Nh5 Rg6 22. Nxg7 Kxg7 23. O-O-O Bf5 24. Rh2 Rf8 25. f3 Bd7 26. Rdh1 Rff6 27. f4
Kf7 28. fxe5 dxe5 29. Rxh6 Rxh6 30. Bxh6 Rf2 31. Be3 Rxg2 32. Rf1+ Kg6 33. Bxa7
Bf5 34. Rg1 Rxg1+ 35. Bxg1 Kf6 36. Kd2 Ke7 37. a4 Kd6 38. Bh2 b6 39. b4 Bd7 40.
a5 bxa5 41. bxa5 Bc8 42. Kc3 c6 43. dxc6 Kxc6 44. Bxe5 Ba6 45. Kb4 Bxc4 46.
Kxc4 1/2-1/2

[Event "4NCL Division 2b"]
[Site "De Vere, Staverton Park ENG"]
[Date "2013.01.12"]
[Round "3.73"]
[White "McMichael, Richard J"]
[Black "Sayers, Ray"]
[Result "1/2-1/2"]
[WhiteElo "2248"]
[BlackElo "2126"]
[PlyCount "48"]
[EventDate "2013.01.12"]
[WhiteTeam "Kings Head"]
[BlackTeam "North East England"]

1. c4 c6 2. b3 d5 3. Bb2 Bf5 4. g3 e6 5. Bg2 Nf6 6. Nf3 h6 7. O-O Be7 8. d3 O-O
9. Nbd2 Bh7 10. Qc2 Nbd7 11. Rad1 a5 12. Rfe1 Qb6 13. a3 Ng4 14. e3 Bf6 15. h3
Nge5 16. Nxe5 Nxe5 17. Bd4 Qd8 18. Bf1 Nd7 19. Bc3 Bxc3 20. Qxc3 Qf6 21. d4 Nc5
22. cxd5 Ne4 23. Nxe4 Bxe4 24. Bg2 Bxg2 1/2-1/2

[Event "4NCL Division 2b"]
[Site "De Vere, Staverton Park ENG"]
[Date "2013.01.12"]
[Round "3.18"]
[White "Maroroa, Sue Y"]
[Black "Kwiatkowski, Feliks J"]
[Result "1/2-1/2"]
[WhiteElo "2037"]
[BlackElo "2232"]
[PlyCount "166"]
[EventDate "2013.01.12"]
[WhiteTeam "North East England"]
[BlackTeam "Kings Head"]

1. e4 c5 2. Nf3 Nc6 3. Bb5 Nf6 4. Bxc6 dxc6 5. d3 Qc7 6. h3 e5 7. Nc3 h6 8. Be3
Be6 9. Qe2 Be7 10. a3 Nd7 11. g4 Nf8 12. Qd2 Bd7 13. Ne2 Ne6 14. c3 Bf8 15. Nh4
g6 16. f4 exf4 17. Nxf4 Bg7 18. Nxe6 Bxe6 19. Bxc5 h5 20. g5 Qd7 21. O-O-O Bxh3
22. Bxa7 Bg4 23. Qe3 Bxd1 24. Rxd1 O-O 25. Rf1 Rxa7 26. Qxa7 Qxd3 27. Qf2 Qxe4
28. Qf4 Qd5 29. Rd1 Qb3 30. Nf3 Re8 31. Nd2 Qe6 32. Rf1 b6 33. Kc2 c5 34. Rf2
Be5 35. Qe4 Bd6 36. Qxe6 Rxe6 37. Kd3 Be7 38. Rg2 Kg7 39. Ne4 Re5 40. b3 Rd5+
41. Ke2 Rd8 42. Rg1 Ra8 43. Ra1 c4 44. b4 f6 45. Rd1 f5 46. Rd7 Kf7 47. Nf6 Ke6
48. Rb7 Rxa3 49. Rxb6+ Kf7 50. Rb7 Ra8 51. Nd5 Re8 52. Kf3 Kg8 53. Rb6 Kf7 54.
Rb7 Kf8 55. Rb6 Rd8 56. Nf4 Kf7 57. Rb7 Ke8 58. Rb5 Bxg5 59. Rc5 Rd1 60. Ke2
Rc1 61. Nxg6 Rc2+ 62. Ke1 Rxc3 63. Rxf5 Rg3 64. Kd1 c3 65. Nf4 h4 66. Ne2 Rg2
67. Nxc3 h3 68. Ne2 Rg1+ 69. Nxg1 h2 70. Rxg5 h1=Q 71. Rg3 Qh4 72. Ne2 Qxb4 73.
Rd3 Ke7 74. Kc2 Kf6 75. Nc3 Qb7 76. Rd5 Ke6 77. Kd3 Qb2 78. Kc4 Qc2 79. Kb4 Qc1
80. Kb3 Qf4 81. Kc2 Qg3 82. Kb3 Qxc3+ 83. Kxc3 Kxd5 1/2-1/2

[Event "4NCL Division 2b"]
[Site "De Vere, Staverton Park ENG"]
[Date "2013.01.12"]
[Round "3.75"]
[White "Thomas, Rik H"]
[Black "Davey, Mark"]
[Result "1-0"]
[WhiteElo "2183"]
[BlackElo "1990"]
[PlyCount "87"]
[EventDate "2013.01.12"]
[WhiteTeam "Kings Head"]
[BlackTeam "North East England"]

1. Nf3 c5 2. c4 Nc6 3. g3 g6 4. Bg2 Bg7 5. O-O Nf6 6. d4 cxd4 7. Nxd4 Qb6 8.
Nb3 d6 9. Nc3 O-O 10. Bg5 Be6 11. Nd5 Bxd5 12. cxd5 Ne5 13. Qd4 Qb5 14. e4 h6
15. Bd2 Nfg4 16. Qb4 Qxb4 17. Bxb4 Nd3 18. Bd2 Bxb2 19. Rab1 Bg7 20. f4 Rfc8
21. Rf3 Nc5 22. Bh3 Nxb3 23. Rfxb3 Bd4+ 24. Kf1 h5 25. Bxg4 hxg4 26. Rxb7 Rc2
27. Rd1 Rxa2 28. Rxe7 Rb8 29. Ke2 Rbb2 30. Kd3 Bc5 31. Re8+ Kg7 32. Bc3+ f6 33.
Bxb2 Rxb2 34. Rd2 Rb3+ 35. Kc2 Ra3 36. e5 fxe5 37. fxe5 Bb4 38. Rd3 Ra2+ 39.
Kb3 Ra3+ 40. Kc4 Rxd3 41. Kxd3 dxe5 42. Rxe5 a5 43. Re4 Kf6 44. Rxg4 1-0

[Event "4NCL Division 2b"]
[Site "De Vere, Staverton Park ENG"]
[Date "2013.01.12"]
[Round "3.76"]
[White "Kendall, Paul SN"]
[Black "Guthrie, David W"]
[Result "0-1"]
[WhiteElo "2050"]
[BlackElo "2170"]
[PlyCount "64"]
[EventDate "2013.01.12"]
[WhiteTeam "North East England"]
[BlackTeam "Kings Head"]

1. e4 c5 2. Nc3 a6 3. f4 b5 4. Nf3 Bb7 5. d3 g6 6. Be3 d6 7. Qe2 Bg7 8. g3 Nc6
9. Bg2 b4 10. Nd1 Nf6 11. O-O O-O 12. Nf2 Nd7 13. Rab1 Qa5 14. a3 bxa3 15. bxa3
Rab8 16. Rb3 Qc7 17. Bh3 e6 18. f5 exf5 19. exf5 Rfe8 20. fxg6 hxg6 21. Ne4 f5
22. Nfg5 Nd4 23. Qf2 Nxb3 24. cxb3 Nf8 25. Bxf5 gxf5 26. Qxf5 Re5 27. Qg4 Bxe4
28. Nxe4 Nh7 29. Bf4 Qc8 30. Qg6 Qe6 31. Qxe6+ Rxe6 32. Bxd6 Rxb3 0-1